000 00821nam a2200229Ia 4500
005 20220914113036.0
008 210716s2011 xx 000 0 und d
020 _a9789350232811
040 _cAIMIT LIBRARY
041 _aeng
082 _a005.3622
_21
_bCORB
100 _aCorbin, Brandon.
_957449
245 _aWord press top plugins :
_bfind and install the best plugins for generating and sharing content building communities and generating revenue /
_cBy Brandon Corbin.
250 _a1 st ed. :
260 _aNew Delhi :
_bShroff Publishers and Distributors Pvt Ltd ,
_c2011.
300 _avii,233,11p, ;
_c23.5 cm.
650 _2Generating content
650 _2Sharing content
650 _2generating revenue
650 _2Building a community with buddy press
942 _2ddc
_cBK
_e1st
_k005.3622 CORB
999 _c194846
_d194846